[Event "Bayrische EM (D)"]
[Site "Bad Königshofen"]
[Date "2010.08.25"]
[Round "4.2"]
[White "Gremer, Kathrin"]
[Black "Schneider, Simone"]
[Result "1-0"]
[WhiteElo "1743"]
[BlackElo "1434"]
[PlyCount "105"]
[EventDate "2010.??.??"]
[WhiteTeam "SC Steinwiesen"]
[BlackTeam "Schachklub Immenstadt"]

1. e4 c5 2. Bc4 Nc6 3. Nf3 d6 4. h3 Nf6 5. Nc3 g6 6. d3 Bg7 7. Bg5 O-O 8. Qd2
a6 9. O-O e6 10. Rfe1 b5 11. Bb3 Bb7 12. Rad1 Na5 13. a3 Nxb3 14. cxb3 Rc8 15.
Nh2 h5 16. Qf4 e5 17. Qh4 Qe7 18. Nd5 Bxd5 19. exd5 Rc7 20. Re3 Rfc8 21. Rf3 c4
22. dxc4 bxc4 23. Bxf6 Bxf6 24. Qxf6 cxb3 25. Qxe7 Rxe7 26. Rxb3 Rd7 27. Rb6
Ra8 28. Rc1 Kf8 29. Rcc6 a5 30. Nf3 Ke7 31. Nd2 Raa7 32. Nc4 a4 33. Kf1 f5 34.
Ra6 g5 35. Ke2 Rdc7 36. Rxa7 Rxa7 37. Rxd6 Rc7 38. Rc6 Rd7 39. d6+ Ke6 40. Ra6
Rd8 41. Rxa4 Kd5 42. b3 e4 43. Ne3+ Kc5 44. Nxf5 Kd5 45. Ke3 Rd7 46. Rxe4 Kc6
47. a4 Kc5 48. b4+ Kb6 49. Kd4 Kc6 50. b5+ Kb6 51. Kd5 Kb7 52. Re7 Kc8 53. Rxd7
1-0

[Event "Bayrische EM (D)"]
[Site "Bad Königshofen"]
[Date "2010.08.25"]
[Round "4.3"]
[White "Nieberle, Cornelia"]
[Black "Roos, Karin"]
[Result "0-1"]
[WhiteElo "1722"]
[BlackElo "1846"]
[PlyCount "114"]
[EventDate "2010.??.??"]
[WhiteTeam "SK Bobingen"]
[BlackTeam "FC Bayern München e.V."]

1. d4 Nf6 2. c4 d6 3. Nc3 g6 4. Nf3 Bg7 5. e3 O-O 6. Be2 Nbd7 7. e4 e5 8. d5
Nc5 9. Qc2 a5 10. Bg5 h6 11. Be3 Na6 12. a3 Ng4 13. h3 Nxe3 14. fxe3 Nc5 15.
O-O a4 16. Nd2 Qg5 17. Rf3 f5 18. exf5 Rxf5 19. Nce4 Nxe4 20. Nxe4 Qh4 21. Nd2
Rxf3 22. Nxf3 Qg3 23. Kh1 Bf5 24. e4 Bd7 25. Rf1 Rf8 26. Qd2 Bxh3 27. gxh3
Qxh3+ 28. Nh2 Qh4 29. Rxf8+ Bxf8 30. Bd3 Be7 31. Kg1 Bg5 32. Qf2 Qh3 33. Nf3
Bf4 34. Qg2 Qh5 35. Kf1 g5 36. Bc2 Qe8 37. Qg4 Kg7 38. Nh4 h5 39. Nf5+ Kg6 40.
Qd1 b5 41. Qd3 bxc4 42. Qxc4 Qb8 43. Qc6 Qd8 44. Bxa4 g4 45. Qe8+ Qxe8 46.
Bxe8+ Kg5 47. Ng7 h4 48. Ne6+ Kf6 49. Nxf4 exf4 50. a4 h3 51. a5 Kg5 52. a6 f3
53. Kg1 g3 54. Bb5 f2+ 55. Kf1 Kf4 56. a7 Ke3 57. a8=Q g2# 0-1

[Event "Bayrische EM (D)"]
[Site "Bad Königshofen"]
[Date "2010.08.25"]
[Round "4.4"]
[White "Nieberle, Julia"]
[Black "Groschwitz, Isabella"]
[Result "1/2-1/2"]
[WhiteElo "1515"]
[BlackElo "1442"]
[PlyCount "59"]
[EventDate "2010.??.??"]
[WhiteTeam "SK Bobingen"]
[BlackTeam "SF Fichtelgebirge"]

1. e4 e5 2. Nf3 Nc6 3. Bc4 Bc5 4. d3 Nf6 5. Bg5 d6 6. h3 Be6 7. Bb3 h6 8. Bh4
O-O 9. Nc3 Bb4 10. O-O Bxc3 11. bxc3 Qe7 12. Re1 Bxb3 13. cxb3 Qe6 14. d4 exd4
15. Nxd4 Nxd4 16. Qxd4 Nd7 17. Qd5 Qxd5 18. exd5 Rfe8 19. Kf1 Ne5 20. Rad1 f5
21. Bg3 a6 22. f4 Ng6 23. Rxe8+ Rxe8 24. Re1 Kf7 25. Rxe8 Kxe8 26. Ke2 Kd7 27.
Kd3 c5 28. c4 b5 29. a3 Kc7 30. Kc3 1/2-1/2

[Event "Bayrische EM (D)"]
[Site "Bad Königshofen"]
[Date "2010.08.25"]
[Round "4.5"]
[White "Narr, Irmgard"]
[Black "Weiss, Monika"]
[Result "1/2-1/2"]
[WhiteElo "1760"]
[BlackElo "1661"]
[PlyCount "127"]
[EventDate "2010.??.??"]
[WhiteTeam "SC Mühlhof-Reichelsdorf e.V."]
[BlackTeam "SC Bavaria Regensb.1881"]

1. e4 d6 2. d4 Nf6 3. Nc3 g6 4. Be3 Bg7 5. Nf3 O-O 6. Qd2 c6 7. Bh6 Bg4 8. Bxg7
Kxg7 9. Be2 b5 10. h3 Bxf3 11. Bxf3 e5 12. h4 Nbd7 13. h5 exd4 14. Qxd4 Ne5 15.
hxg6 fxg6 16. O-O-O Ne8 17. Rh3 Qg5+ 18. Kb1 c5 19. Qd5 Rb8 20. Rdh1 Rh8 21.
Rg3 Qe7 22. Qd2 Nf6 23. Qh6+ Kg8 24. Be2 Qe8 25. f4 Nc4 26. Bxc4+ bxc4 27. f5
Kf7 28. fxg6+ hxg6 29. Qxg6+ Ke7 30. Qg7+ Ke6 31. Rf1 Qe7 32. Qg5 Rbg8 33. Qf5+
Kf7 34. Qd5+ Ke8 35. Rxg8+ Nxg8 36. Qxc4 Nf6 37. Qb5+ Kf8 38. a4 Kg7 39. Qe2
Rh4 40. Re1 Kg6 41. Qf3 Qe5 42. Qd3 Rg4 43. Re2 Kg5 44. Qe3+ Qf4 45. Qf3 Rg3
46. Qxf4+ Kxf4 47. Kc1 Re3 48. Rf2+ Ke5 49. Rf5+ Ke6 50. Rf4 Ke5 51. Rh4 Nxe4
52. Nxe4 Rxe4 53. Rh5+ Kd4 54. Kd2 Rg4 55. Rh2 c4 56. c3+ Kc5 57. Rh5+ Kb6 58.
Rb5+ Kc6 59. Ke3 Rxg2 60. Kd4 Rg4+ 61. Ke3 d5 62. Ra5 Re4+ 63. Kf3 Re7 64. Kf4
1/2-1/2

[Event "Bayrische EM (D)"]
[Site "Bad Königshofen"]
[Date "2010.08.25"]
[Round "4.6"]
[White "Zwetz, Anita"]
[Black "Müller, Liliane"]
[Result "1-0"]
[WhiteElo "1876"]
[BlackElo "1597"]
[PlyCount "51"]
[EventDate "2010.??.??"]
[WhiteTeam "TSV Kareth-Lappersdorf"]
[BlackTeam "1.Schachklub Neuperlach e.V."]

1. d4 d5 2. Bg5 c6 3. c3 Qc7 4. Nf3 Bf5 5. e3 Nd7 6. Bd3 Bxd3 7. Qxd3 e6 8.
Nbd2 Ngf6 9. e4 dxe4 10. Nxe4 Nxe4 11. Qxe4 h6 12. Be3 Be7 13. h3 Nf6 14. Qc2
O-O 15. O-O Rfd8 16. Rad1 Rac8 17. g4 Nd5 18. Qe4 Bd6 19. g5 Nxe3 20. fxe3 hxg5
21. Nxg5 g6 22. Rxf7 Qxf7 23. Nxf7 Kxf7 24. Rf1+ Ke7 25. Qh4+ g5 26. Qh7+ 1-0

[Event "Bayrische EM (D)"]
[Site "Bad Königshofen"]
[Date "2010.08.25"]
[Round "4.7"]
[White "Zürner, Bianca"]
[Black "Stegmaier, Erika"]
[Result "1-0"]
[WhiteElo "1231"]
[BlackElo "1600"]
[PlyCount "65"]
[EventDate "2010.??.??"]
[WhiteTeam "SV Thiersheim"]
[BlackTeam "1.Schachklub Neuperlach e.V."]

1. e4 c5 2. Bc4 e6 3. Nc3 Nc6 4. Nf3 d6 5. b3 Nf6 6. Bb2 a6 7. a4 Be7 8. O-O
O-O 9. Re1 Qc7 10. d4 cxd4 11. Nxd4 Ne5 12. Bd3 Bd7 13. a5 Rac8 14. Na4 Bxa4
15. Rxa4 Nxd3 16. cxd3 e5 17. Nf5 Qd7 18. Qf3 Ne8 19. Qh3 Qe6 20. Nxe7+ Qxe7
21. Qxc8 Nf6 22. Qf5 Nd7 23. Rc4 Nc5 24. Rc3 g6 25. Qf3 Qe6 26. Qd1 Kg7 27. b4
Nd7 28. Rc7 b6 29. axb6 Nxb6 30. d4 Nd7 31. dxe5 Nxe5 32. f4 Qa2 33. Qd2 1-0

[Event "Bayrische EM (D)"]
[Site "Bad Königshofen"]
[Date "2010.08.25"]
[Round "5.1"]
[White "Lorenz, Oda"]
[Black "Gremer, Kathrin"]
[Result "1-0"]
[WhiteElo "1875"]
[BlackElo "1743"]
[PlyCount "91"]
[EventDate "2010.??.??"]
[WhiteTeam "Schachges. Augsburg 1873"]
[BlackTeam "SC Steinwiesen"]

1. e4 e5 2. Nf3 Nc6 3. Bb5 a6 4. Ba4 b5 5. Bb3 Bc5 6. O-O d6 7. c3 Nge7 8. d4
exd4 9. cxd4 Bb6 10. Nc3 O-O 11. h3 h6 12. Nd5 Ba7 13. Be3 Re8 14. Rc1 Bb7 15.
a3 Rc8 16. Qd3 Na5 17. Ba2 Nxd5 18. exd5 Ba8 19. b4 Nc4 20. Bxc4 bxc4 21. Qxc4
Bb7 22. Nd2 Qd7 23. Nb3 Qb5 24. Na5 Qxd5 25. Qxd5 Bxd5 26. Rc3 Re4 27. Rfc1
Bxd4 28. Bxd4 Rxd4 29. Nc6 Bxc6 30. Rxc6 Ra8 31. Rxc7 Rd3 32. R1c3 Rxc3 33.
Rxc3 Kf8 34. Rc7 Ke8 35. Kf1 d5 36. Ke2 g5 37. Kd3 Kf8 38. Rd7 Ke8 39. Rxd5 Ke7
40. Rc5 Kd6 41. Rf5 Ke6 42. g4 h5 43. Rxg5 hxg4 44. hxg4 f6 45. Ra5 Ra7 46. Ke4
1-0

[Event "Bayrische EM (D)"]
[Site "Bad Königshofen"]
[Date "2010.08.25"]
[Round "5.2"]
[White "Dauer, Christina"]
[Black "Roos, Karin"]
[Result "1-0"]
[WhiteElo "1882"]
[BlackElo "1846"]
[PlyCount "68"]
[EventDate "2010.??.??"]
[WhiteTeam "Spgem Kötz/Ichenhausen"]
[BlackTeam "FC Bayern München e.V."]

1. e4 d6 2. d4 Nf6 3. Nc3 g6 4. Bc4 Nbd7 5. Nf3 c6 6. O-O Nb6 7. Bd3 Bg7 8. h3
O-O 9. Be3 Re8 10. Qc1 e5 11. dxe5 dxe5 12. a4 a5 13. Rd1 Qc7 14. Ne2 Be6 15.
Ng5 Bc4 16. Bxb6 Qxb6 17. Bxc4 Re7 18. Ng3 Bh6 19. h4 Ng4 20. Qd2 Kg7 21. Qe2
Nf6 22. Bb3 Rd8 23. Rxd8 Qxd8 24. Rd1 Qc8 25. Qf3 c5 26. Bc4 Qc7 27. b3 b6 28.
Ne2 Rd7 29. Nc3 Rxd1+ 30. Qxd1 Bxg5 31. hxg5 Ne8 32. Qf3 Qe7 33. Qg4 Nd6 34.
Nd5 Qa7 1-0

[Event "Bayrische EM (D)"]
[Site "Bad Königshofen"]
[Date "2010.08.25"]
[Round "5.3"]
[White "Weiss, Monika"]
[Black "Zwetz, Anita"]
[Result "0-1"]
[WhiteElo "1661"]
[BlackElo "1876"]
[PlyCount "76"]
[EventDate "2010.??.??"]
[WhiteTeam "SC Bavaria Regensb.1881"]
[BlackTeam "TSV Kareth-Lappersdorf"]

1. e4 e6 2. d4 d5 3. e5 c5 4. c3 Nc6 5. Nf3 Qb6 6. Bd3 Bd7 7. Bc2 cxd4 8. cxd4
Nh6 9. a3 Nf5 10. Bxf5 exf5 11. Nc3 Be6 12. O-O Be7 13. b4 Qd8 14. Bf4 h6 15.
h3 g5 16. Bd2 g4 17. hxg4 fxg4 18. Nh2 h5 19. Bf4 Bg5 20. Ne2 Bxf4 21. Nxf4 Qb6
22. Ne2 Rg8 23. Qd2 h4 24. Rfd1 g3 25. fxg3 hxg3 26. Nf1 Nxe5 27. Nfxg3 Rg4 28.
Rac1 Nc4 29. Qd3 Qd6 30. Qf3 Kd7 31. Nf5 Bxf5 32. Qxf5+ Qe6 33. Qf3 Rag8 34.
Nf4 Qe3+ 35. Qxe3 Nxe3 36. Rd3 Nxg2 37. Nxg2 Rxg2+ 38. Kf1 Rg1+ 0-1

[Event "Bayrische EM (D)"]
[Site "Bad Königshofen"]
[Date "2010.08.25"]
[Round "5.4"]
[White "Schneider, Simone"]
[Black "Nieberle, Julia"]
[Result "0-1"]
[WhiteElo "1434"]
[BlackElo "1515"]
[PlyCount "90"]
[EventDate "2010.??.??"]
[WhiteTeam "Schachklub Immenstadt"]
[BlackTeam "SK Bobingen"]

1. Nf3 Nc6 2. g3 e5 3. d3 d5 4. Bg2 Bf5 5. O-O Qd7 6. b3 O-O-O 7. Bb2 Bd6 8.
Nbd2 Bh3 9. e4 dxe4 10. Nxe4 f6 11. a3 Bxg2 12. Kxg2 Re8 13. c4 f5 14. Nxd6+
cxd6 15. b4 e4 16. dxe4 fxe4 17. Nd4 Nf6 18. Re1 Ne5 19. Nb5 Nd3 20. Re2 a6 21.
Nd4 Ng4 22. Qd2 Rhf8 23. f3 exf3+ 24. Nxf3 Rxe2+ 25. Qxe2 Nxb2 26. Qxb2 Ne3+
27. Kf2 Nxc4 28. Qc3 b5 29. a4 Kb7 30. axb5 axb5 31. Qd3 Qf5 32. Qxf5 Rxf5 33.
Ke2 Rf7 34. Kd3 Rxf3+ 35. Ke4 Rb3 36. Kd5 Rxb4 37. Re1 Rb2 38. Re7+ Kb6 39.
Rxg7 Rxh2 40. Rg8 Rh5+ 41. Kd4 Kc7 42. Kc3 h6 43. Kb4 Rg5 44. Rxg5 hxg5 45.
Kxb5 Ne3 0-1

[Event "Bayrische EM (D)"]
[Site "Bad Königshofen"]
[Date "2010.08.25"]
[Round "5.5"]
[White "Müller, Liliane"]
[Black "Groschwitz, Isabella"]
[Result "1/2-1/2"]
[WhiteElo "1597"]
[BlackElo "1442"]
[PlyCount "48"]
[EventDate "2010.??.??"]
[WhiteTeam "1.Schachklub Neuperlach e.V."]
[BlackTeam "SF Fichtelgebirge"]

1. d4 d5 2. c4 dxc4 3. Nc3 Nc6 4. e3 Bf5 5. Bxc4 e6 6. a3 Nf6 7. Nf3 Bd6 8. O-O
O-O 9. Re1 e5 10. Nb5 exd4 11. Nxd6 Qxd6 12. exd4 Bg4 13. Be3 Rad8 14. Be2 b6
15. Rc1 Ne8 16. Rxc6 Qxc6 17. Ne5 Bxe2 18. Nxc6 Bxd1 19. Nxd8 Ba4 20. Rc1 Nf6
21. Nc6 Bxc6 22. Rxc6 Nd5 23. Bd2 Re8 24. Kf1 f6 1/2-1/2

[Event "Bayrische EM (D)"]
[Site "Bad Königshofen"]
[Date "2010.08.25"]
[Round "5.6"]
[White "Zürner, Bianca"]
[Black "Narr, Irmgard"]
[Result "0-1"]
[WhiteElo "1231"]
[BlackElo "1760"]
[PlyCount "152"]
[EventDate "2010.??.??"]
[WhiteTeam "SV Thiersheim"]
[BlackTeam "SC Mühlhof-Reichelsdorf e.V."]

1. d4 Nf6 2. Nf3 e6 3. g3 d5 4. Bg2 c5 5. b3 Nc6 6. Bb2 Bd7 7. e3 Qb6 8. c3
cxd4 9. Nxd4 Nxd4 10. cxd4 Bb4+ 11. Nc3 Rc8 12. Qd2 Qa5 13. Rc1 O-O 14. O-O Rc7
15. Rc2 Rfc8 16. Rfc1 Qb6 17. a3 Be7 18. b4 a6 19. Ne2 Ba4 20. Rxc7 Rxc7 21.
Rxc7 Qxc7 22. Nc3 Bb3 23. e4 dxe4 24. Nxe4 Nxe4 25. Bxe4 Bd5 26. Bxd5 exd5 27.
Qc3 Qd7 28. Kg2 h5 29. h4 b5 30. Bc1 Qe6 31. Qe3 Qd7 32. Qe5 g6 33. Qb8+ Kh7
34. Qf4 Bf8 35. Qf6 Qb7 36. Qf4 Bg7 37. Bb2 Qd7 38. Qe3 Bh6 39. f4 Qf5 40. Qe2
Bg7 41. Bc3 Qe4+ 42. Qxe4 dxe4 43. Kf2 f5 44. Ke3 Kg8 45. Kd2 Kf7 46. Kc2 Ke6
47. d5+ Kxd5 48. Bxg7 Kc4 49. Bb2 e3 50. Ba1 e2 51. Bc3 Kd5 52. Kd3 Kd6 53.
Kxe2 Kc6 54. Kd3 Kd5 55. Bb2 Kd6 56. Kd4 Kd7 57. Kd5 Ke7 58. Kc5 Kd7 59. Be5
Kc8 60. Kb6 Kd7 61. Bd4 Kd6 62. Kxa6 Kd5 63. Kxb5 Kxd4 64. a4 Ke3 65. a5 Kf3
66. a6 Kxg3 67. a7 Kxf4 68. a8=Q Kg3 69. Qg8 Kxh4 70. Qxg6 f4 71. Qxh5+ Kxh5
72. Kc4 f3 73. Kd3 Kg4 74. b5 Kg3 75. b6 f2 76. b7 f1=Q+ 0-1

[Event "Bayrische EM (D)"]
[Site "Bad Königshofen"]
[Date "2010.08.25"]
[Round "5.7"]
[White "Stegmaier, Erika"]
[Black "Nieberle, Cornelia"]
[Result "0-1"]
[WhiteElo "1600"]
[BlackElo "1722"]
[PlyCount "106"]
[EventDate "2010.??.??"]
[WhiteTeam "1.Schachklub Neuperlach e.V."]
[BlackTeam "SK Bobingen"]

1. c4 e5 2. Nc3 Nf6 3. g3 Nc6 4. Bg2 d6 5. a3 Be6 6. b3 g6 7. e3 Bg7 8. Nge2 d5
9. cxd5 Nxd5 10. Bb2 f5 11. Nxd5 Bxd5 12. Bxd5 Qxd5 13. O-O Rd8 14. Bc3 O-O 15.
Qc2 e4 16. Nf4 Qd6 17. Rfd1 g5 18. Bxg7 Kxg7 19. Ne2 Ne5 20. Qc3 Kg6 21. Nd4 c5
22. Nb5 Nf3+ 23. Kg2 Qb6 24. a4 a6 25. Na3 Rd3 26. Nc4 Qxb3 27. Ne5+ Nxe5 28.
Qxe5 Qd5 29. Qb2 Rd8 30. Ra2 c4 31. Qb4 c3 32. Rc2 cxd2 33. Rc5 Qb3 34. Qxb3
Rxb3 35. Rc2 Rbd3 36. Kf1 b5 37. axb5 axb5 38. Rb2 R8d5 39. Ke2 f4 40. gxf4
gxf4 41. exf4 Kf5 42. Kf1 Kxf4 43. Ke2 h5 44. Rbb1 h4 45. Rb2 Kg4 46. Kf1 Kf3
47. Rbb1 Rc3 48. h3 Rdd3 49. Rb2 Rc5 50. Rbb1 b4 51. Rb2 Rc1 52. Rbxd2 Rxd1+
53. Rxd1 Rxd1# 0-1

[Event "Bayrische EM (D)"]
[Site "Bad Königshofen"]
[Date "2010.08.26"]
[Round "6.1"]
[White "Zwetz, Anita"]
[Black "Dauer, Christina"]
[Result "1-0"]
[WhiteElo "1876"]
[BlackElo "1882"]
[PlyCount "149"]
[EventDate "2010.??.??"]
[WhiteTeam "TSV Kareth-Lappersdorf"]
[BlackTeam "Spgem Kötz/Ichenhausen"]

1. d4 d5 2. Nf3 c6 3. c3 h6 4. Bf4 Nf6 5. e3 Bf5 6. Bd3 Bxd3 7. Qxd3 e6 8. Nbd2
Qb6 9. O-O Nbd7 10. Rab1 c5 11. Qe2 Be7 12. Be5 Nxe5 13. Nxe5 Qc7 14. Qb5+ Nd7
15. Ndf3 Bd6 16. Nxd7 Qxd7 17. Qxd7+ Kxd7 18. dxc5 Bxc5 19. c4 dxc4 20. Rfd1+
Ke7 21. Ne5 Rhd8 22. Nxc4 Rac8 23. Rxd8 Rxd8 24. Kf1 a6 25. b4 Ba7 26. b5 Rd7
27. Ne5 Rd5 28. bxa6 Rxe5 29. Rxb7+ Kf6 30. Rxa7 Ra5 31. Rb7 Rxa2 32. a7 g5 33.
g4 Kg6 34. Kg2 Ra6 35. Kg3 Ra4 36. h3 Ra3 37. h4 gxh4+ 38. Kxh4 e5 39. f4 exf4
40. exf4 Ra1 41. Rb6+ Kg7 42. Rb7 Kg6 43. f5+ Kg7 44. Kg3 Ra4 45. Kf3 Kf6 46.
Ke3 Kg5 47. Kf3 f6 48. Rg7+ Kh4 49. Rh7 Ra3+ 50. Ke4 Kxg4 51. Rg7+ Kh4 52. Kd5
Ra6 53. Kc5 h5 54. Kb5 Ra1 55. Kc6 Kh3 56. Kd6 h4 57. Ke6 Ra6+ 58. Kd5 Kh2 59.
Kc5 h3 60. Kb5 Ra1 61. Kb6 Rb1+ 62. Kc7 Ra1 63. Kb8 Kh1 64. a8=Q+ Rxa8+ 65.
Kxa8 h2 66. Rh7 Kg2 67. Kb7 h1=Q 68. Rxh1 Kxh1 69. Kc6 Kg2 70. Kd5 Kg3 71. Ke6
Kg4 72. Kxf6 Kf4 73. Ke6 Kg5 74. f6 Kg6 75. Ke7 1-0

[Event "Bayrische EM (D)"]
[Site "Bad Königshofen"]
[Date "2010.08.26"]
[Round "6.2"]
[White "Roos, Karin"]
[Black "Lorenz, Oda"]
[Result "1-0"]
[WhiteElo "1846"]
[BlackElo "1875"]
[PlyCount "119"]
[EventDate "2010.??.??"]
[WhiteTeam "FC Bayern München e.V."]
[BlackTeam "Schachges. Augsburg 1873"]

1. e4 e5 2. Nf3 Nc6 3. d4 exd4 4. Nxd4 Nf6 5. Nxc6 bxc6 6. Bd3 Bc5 7. O-O d6 8.
h3 O-O 9. Re1 Qe7 10. Be3 Bb6 11. Nd2 Bb7 12. Bxb6 axb6 13. Nf3 c5 14. e5 dxe5
15. Nxe5 Qd6 16. Ng4 Rad8 17. Qe2 Nd5 18. Qf3 Qf4 19. Be4 Qxf3 20. Bxf3 Bc8 21.
a3 Nf4 22. Re7 Ne6 23. Ne3 Rfe8 24. Rxe8+ Rxe8 25. Rd1 Kf8 26. c3 Nf4 27. Bc6
Re6 28. Bd7 Bxd7 29. Rxd7 c6 30. Kh2 Ke8 31. Rb7 b5 32. c4 b4 33. a4 Re7 34.
Rb8+ Kd7 35. Nf5 Re2 36. Rb7+ Kd8 37. a5 Rxb2 38. a6 Ra2 39. a7 g6 40. Nd6 f5
41. Nf7+ Ke8 42. Ne5 Kd8 43. Rb8+ Kc7 44. a8=Q Rxa8 45. Rxa8 Ne2 46. Ra2 Nc3
47. Rb2 Kd6 48. f4 Kc7 49. Kg1 Na4 50. Rb3 Nc3 51. Kf1 Ne4 52. Ke2 Kb6 53. g4
Ka5 54. gxf5 gxf5 55. Kd3 Ka4 56. Kc2 Nc3 57. Nxc6 Ne2 58. Rb2 b3+ 59. Rxb3
Nxf4 60. Rb5 1-0

[Event "Bayrische EM (D)"]
[Site "Bad Königshofen"]
[Date "2010.08.26"]
[Round "6.3"]
[White "Gremer, Kathrin"]
[Black "Nieberle, Julia"]
[Result "1/2-1/2"]
[WhiteElo "1743"]
[BlackElo "1515"]
[PlyCount "27"]
[EventDate "2010.??.??"]
[WhiteTeam "SC Steinwiesen"]
[BlackTeam "SK Bobingen"]

1. e4 e5 2. Bc4 Bc5 3. d3 Nc6 4. Nf3 h6 5. Be3 Bb6 6. O-O d6 7. c3 Bg4 8. Nbd2
Nf6 9. Qc2 O-O 10. b4 Re8 11. a4 d5 12. exd5 Nxd5 13. Bxd5 Qxd5 14. a5 1/2-1/2

[Event "Bayrische EM (D)"]
[Site "Bad Königshofen"]
[Date "2010.08.26"]
[Round "6.4"]
[White "Groschwitz, Isabella"]
[Black "Nieberle, Cornelia"]
[Result "0-1"]
[WhiteElo "1442"]
[BlackElo "1722"]
[PlyCount "88"]
[EventDate "2010.??.??"]
[WhiteTeam "SF Fichtelgebirge"]
[BlackTeam "SK Bobingen"]

1. d4 d5 2. Nf3 e6 3. Bf4 Bd6 4. Bg3 Nf6 5. Nc3 b6 6. e3 Bb7 7. Bd3 O-O 8. Nb5
Nc6 9. Bh4 h6 10. Nc3 Nb8 11. e4 dxe4 12. Nxe4 Be7 13. Nxf6+ Bxf6 14. Bxf6 Qxf6
15. Be2 Rd8 16. c3 Qg6 17. Rg1 c5 18. Qc1 Nd7 19. Qf4 Qc2 20. Qc1 Qf5 21. Qe3
Rac8 22. g4 Qc2 23. Qd2 Qxd2+ 24. Nxd2 cxd4 25. cxd4 Nf6 26. Nb3 a5 27. a4 Rc2
28. Rb1 Be4 29. f3 Bb7 30. h4 Nd5 31. g5 hxg5 32. Bd3 Rh2 33. hxg5 Nf4 34. Be4
Bxe4 35. fxe4 Nd3+ 36. Kd1 Nxb2+ 37. Ke1 Nxa4 38. Rc1 Rb2 39. Nd2 Kf8 40. Nf3
Ke8 41. g6 f6 42. e5 fxe5 43. dxe5 Nc5 44. Kf1 Nd3 0-1

[Event "Bayrische EM (D)"]
[Site "Bad Königshofen"]
[Date "2010.08.26"]
[Round "6.5"]
[White "Narr, Irmgard"]
[Black "Schneider, Simone"]
[Result "1-0"]
[WhiteElo "1760"]
[BlackElo "1434"]
[PlyCount "135"]
[EventDate "2010.??.??"]
[WhiteTeam "SC Mühlhof-Reichelsdorf e.V."]
[BlackTeam "Schachklub Immenstadt"]

1. e4 c5 2. Nf3 Nc6 3. Nc3 g6 4. d4 cxd4 5. Nxd4 Bg7 6. Be3 Nf6 7. Qd2 O-O 8.
Nxc6 dxc6 9. O-O-O Qa5 10. Bh6 Be6 11. a3 Rfd8 12. Bd3 Bc4 13. Bxg7 Kxg7 14.
Qe2 Bxd3 15. Rxd3 Rxd3 16. Qxd3 Rd8 17. Qe2 b5 18. Na2 c5 19. f3 b4 20. Qe1 Qa6
21. Qe3 Rd4 22. c3 Rd3 23. Qxc5 bxa3 24. bxa3 Qb7 25. Nb4 Rd7 26. Rd1 Rc7 27.
Qe5 Qc8 28. Rd3 Kf8 29. Kc2 Rc5 30. Qd4 Ra5 31. Kb2 Kg8 32. c4 Qb8 33. g3 Rh5
34. Rd2 a5 35. Qd8+ Qxd8 36. Rxd8+ Kg7 37. Nc6 Rxh2+ 38. Kc3 Rh3 39. Rd3 Rxg3
40. Nxa5 Rg5 41. Nc6 e6 42. a4 Rc5 43. Nd4 h5 44. Kb4 Rc8 45. a5 Rb8+ 46. Kc5
Nd7+ 47. Kd6 Rb7 48. Ra3 Nb8 49. Nb5 h4 50. a6 Rb6+ 51. Kc7 Rxa6 52. Rc3 h3 53.
f4 h2 54. Rc1 Ra2 55. Kxb8 Rg2 56. Rh1 f6 57. Nd4 e5 58. fxe5 fxe5 59. Nf3 Rc2
60. Nxe5 g5 61. Kc7 Kh6 62. Rxh2+ Rxh2 63. Ng4+ Kh5 64. Nxh2 Kh4 65. e5 Kh3 66.
e6 Kxh2 67. e7 g4 68. e8=Q 1-0

[Event "Bayrische EM (D)"]
[Site "Bad Königshofen"]
[Date "2010.08.26"]
[Round "6.6"]
[White "Stegmaier, Erika"]
[Black "Weiss, Monika"]
[Result "1-0"]
[WhiteElo "1600"]
[BlackElo "1661"]
[PlyCount "93"]
[EventDate "2010.??.??"]
[WhiteTeam "1.Schachklub Neuperlach e.V."]
[BlackTeam "SC Bavaria Regensb.1881"]

1. c4 e5 2. Nc3 Bb4 3. Qc2 Nf6 4. g3 Bxc3 5. Qxc3 d6 6. Bg2 c5 7. e3 Nc6 8. a3
Qa5 9. b4 cxb4 10. axb4 Qc7 11. d3 O-O 12. Ne2 Be6 13. O-O d5 14. Ba3 dxc4 15.
dxc4 Rfd8 16. Rfd1 Ne7 17. c5 Bd5 18. Bb2 Bxg2 19. Kxg2 Rxd1 20. Rxd1 Nd7 21.
Nf4 a6 22. Kg1 Re8 23. Nd5 Qc6 24. Nxe7+ Rxe7 25. Rd6 Qc7 26. f4 f6 27. f5 Nb8
28. Qc4+ Kf8 29. Qd5 Rd7 30. Rxd7 Qxd7 31. e4 Qxd5 32. exd5 g6 33. g4 gxf5 34.
gxf5 Ke7 35. Kf2 Nd7 36. Ke3 Kd8 37. Ke4 Kc7 38. Bc3 a5 39. Kd3 axb4 40. Bxb4
b6 41. c6 Nc5+ 42. Kc4 Ne4 43. Kb5 Nc5 44. Bxc5 bxc5 45. Kxc5 e4 46. Kd4 e3 47.
Kxe3 1-0

[Event "Bayrische EM (D)"]
[Site "Bad Königshofen"]
[Date "2010.08.26"]
[Round "6.7"]
[White "Müller, Liliane"]
[Black "Zürner, Bianca"]
[Result "1-0"]
[WhiteElo "1597"]
[BlackElo "1231"]
[PlyCount "67"]
[EventDate "2010.??.??"]
[WhiteTeam "1.Schachklub Neuperlach e.V."]
[BlackTeam "SV Thiersheim"]

1. d4 d5 2. Nf3 Nc6 3. e3 e6 4. c4 Bb4+ 5. Bd2 Bxd2+ 6. Qxd2 Nf6 7. Nc3 b6 8.
cxd5 exd5 9. Rc1 Bb7 10. Bd3 Qe7 11. a3 Ne4 12. Qc2 Nxc3 13. Qxc3 O-O-O 14. O-O
a6 15. Rc2 g6 16. Rfc1 Rd6 17. b4 b5 18. Nd2 Qd7 19. Nb3 Kb8 20. Nc5 Qe8 21.
Qb3 Qe7 22. a4 Ka7 23. axb5 axb5 24. Qa3+ Kb8 25. Bxb5 Qe8 26. Nxb7 Kxb7 27.
Qa6+ Kb8 28. Rxc6 Rxc6 29. Bxc6 Qxc6 30. Rxc6 Rd8 31. Qb5+ Kc8 32. Ra6 c6 33.
Qxc6+ Kb8 34. Ra8# 1-0

[Event "Bayrische EM (D)"]
[Site "Bad Königshofen"]
[Date "2010.08.27"]
[Round "7.1"]
[White "Lorenz, Oda"]
[Black "Zwetz, Anita"]
[Result "1-0"]
[WhiteElo "1875"]
[BlackElo "1876"]
[PlyCount "185"]
[EventDate "2010.??.??"]
[WhiteTeam "Schachges. Augsburg 1873"]
[BlackTeam "TSV Kareth-Lappersdorf"]

1. e4 e6 2. d4 d5 3. exd5 exd5 4. c4 c6 5. Nf3 Bb4+ 6. Bd2 Qe7+ 7. Qe2 Be6 8.
a3 Bd6 9. c5 Bc7 10. Ng5 Bf5 11. Nc3 h6 12. Qxe7+ Nxe7 13. Nf3 Nd7 14. Be2 a5
15. O-O g5 16. Rfe1 Kf8 17. b4 b5 18. Bf1 Ng6 19. g3 g4 20. Ne5 Ndxe5 21. dxe5
Nxe5 22. Bg2 Nc4 23. Bf4 Bxf4 24. gxf4 a4 25. Ne2 Re8 26. Nd4 Rxe1+ 27. Rxe1
Bd7 28. Ra1 Rg8 29. Bf1 Nd2 30. Kg2 f5 31. Bd3 Ne4 32. Rc1 Rg6 33. Rc2 Ke7 34.
f3 gxf3+ 35. Kxf3 h5 36. Ke3 Rg1 37. Re2 h4 38. Nf3 Rg4 39. Ne5 Rg1 40. Kd4 Be8
41. Nf3 Rg4 42. Ke5 Bd7 43. Nd4 h3 44. Re3 Nd2 45. Nxf5+ Kd8 46. Rxh3 Rg8 47.
Rg3 Re8+ 48. Kd4 Ne4 49. Nd6 Nxg3 50. Nxe8 Nh5 51. Nd6 Nxf4 52. Nf7+ Ke7 53.
Ne5 Be8 54. Bc2 Ne6+ 55. Ke3 Kf6 56. Nf3 Bd7 57. Bd3 Be8 58. h4 Ng7 59. Nd4 Ke5
60. Be2 Bd7 61. Nf3+ Kf5 62. Bd3+ Kf6 63. Ng5 Bf5 64. Be2 Bg6 65. Kf4 Bh5 66.
Bd3 Ne8 67. Nh7+ Kg7 68. Kg5 Bf7 69. h5 Nc7 70. h6+ Kh8 71. Kf6 Bg8 72. Ng5 Na6
73. Ke5 Nxb4 74. axb4 a3 75. Bb1 d4 76. Kxd4 a2 77. Bxa2 Bxa2 78. Ke5 Kg8 79.
Kd6 Bd5 80. Ne6 Kh7 81. Nd8 Kxh6 82. Nxc6 Bg2 83. Nd4 Kg7 84. c6 Kf8 85. c7 Bb7
86. Nxb5 Ke8 87. Nd4 Bc8 88. b5 Bb7 89. b6 Bc8 90. Ne6 Bb7 91. Nc5 Bf3 92.
c8=Q+ Kf7 93. Qf5+ 1-0

[Event "Bayrische EM (D)"]
[Site "Bad Königshofen"]
[Date "2010.08.27"]
[Round "7.2"]
[White "Nieberle, Julia"]
[Black "Dauer, Christina"]
[Result "0-1"]
[WhiteElo "1515"]
[BlackElo "1882"]
[PlyCount "104"]
[EventDate "2010.??.??"]
[WhiteTeam "SK Bobingen"]
[BlackTeam "Spgem Kötz/Ichenhausen"]

1. e4 e6 2. d4 d5 3. exd5 exd5 4. Nf3 Bg4 5. Be2 Nc6 6. O-O Qd7 7. Bf4 O-O-O 8.
Ne5 Nxe5 9. Bxe5 h5 10. h3 Bxe2 11. Qxe2 Re8 12. Qf3 f6 13. Bh2 Bd6 14. Bxd6
Qxd6 15. Nd2 Ne7 16. Rfe1 g5 17. h4 gxh4 18. Qh3+ Kb8 19. Re6 Qf4 20. Nf3 Nc6
21. Rae1 Reg8 22. c3 a6 23. Qxh4 Qg4 24. Qxg4 hxg4 25. Nh2 f5 26. g3 Ka7 27.
Kg2 Rf8 28. f3 gxf3+ 29. Nxf3 Rhg8 30. Kf2 Rg7 31. Re8 Rff7 32. Ne5 Nxe5 33.
R8xe5 f4 34. gxf4 Rxf4+ 35. Ke3 Re4+ 36. Rxe4 dxe4 37. Kxe4 Re7+ 38. Kd3 Rxe1
39. Kc4 Kb6 40. b4 c6 41. a4 Kc7 42. a5 Re3 43. Kb3 b5 44. axb6+ Kxb6 45. Kc4
Rh3 46. Kb3 Kb5 47. Kb2 Kc4 48. Ka3 Rxc3+ 49. Ka4 Rb3 50. Ka5 Rxb4 51. Kxa6
Kxd4 52. Ka5 Rb1 0-1